| 000 | 00694nam a22002297a 4500 | ||
|---|---|---|---|
| 003 | UA-OsUOA | ||
| 001 | 58519 | ||
| 007 | ta | ||
| 008 | 20090213b un ||||| |||| 00| 0 ukr d | ||
| 100 | _aРеверчук Н.Й. | ||
| 700 | _aКовалюк А.О. | ||
| 090 |
_a330 _bР32 |
||
| 942 | _cSA | ||
| 040 |
_aUA-OsUOA _bukr _cUA-OsUOA _dUA-OsUOA |
||
| 245 | _aБанківські кризи: сутність, ознаки, види та методи їх подолання | ||
| 300 | _aС.87-97 | ||
| 955 | _a0 | ||
| 041 | _aukr | ||
| 080 | _a330 | ||
| 773 | 0 |
_w58513 _tРегіональна економіка _dЛьвів _d2008 _g4 |
|
| 650 | 7 |
_a330 Економіка взагалі _2UDC |
|
| 999 |
_c344601 _d344601 |
||